Fortnite Named locations *NEW* - Statistics

General Stats
  • This quiz has been taken 85 times
  • The average score is 10 of 20
Answer Stats
Initial Answer % Correct
T Tilted Towers
76%
J Junk Junction
73%
S Salty Springs
62%
P Pleasant Park
60%
H Haunted Hills
58%
R Retail Row
58%
W Wailing Woods
58%
L Loot Lake
53%
D Dusty Divot
51%
L Lucky Landing
51%
G Greasy Grove
49%
L Lazy Links
49%
P Paradise Palms
47%
S Snobby Shores
47%
F Fatal Fields
42%
L Lonely Lodge
40%
R Risky Reels
40%
F Flush Factory
35%
T Tomato Town
33%
S Shifty Shafts
31%
No matching quizzes found
Score Distribution
Percent of People with Each Score
Percentile by Number Answered
Your Score History
You have not taken this quiz